Logo BPK

Biblioteka

Politechniki Koszalińskiej

Analizy dokumentacyjne piśmiennictwa naukowo-technicznego / (Rekord nr 16581)

Szczegóły MARC
000 -ETYKIETA REKORDU
podpole kontrolne o stałej długości 00445nam a2200157 i 4500
001 - NUMER KONTROLNY REKORDU
pole kontrolne bg
040 ## - ŹRÓDŁO KATALOGOWANIA
Instytucja, która utworzyła rekord BPK
041 ## - KOD JĘZYKA
Kod języka tekstu pol
008 - POLE O STAŁEJ DŁUGOŚCI - DANE KONTROLNE
podpole kontrolne o stałej długości s pl f |000 0 pol
100 1# - NAZWA OSOBOWA
Nazwa osobowa MAIZELL, Robert E.
245 #0 - TYTUŁ/ODPOWIEDZIALNOŚĆ
Tytuł Analizy dokumentacyjne piśmiennictwa naukowo-technicznego /
Pozostałe elementy strefy tytułu i oznaczenia odpowiedzialności E. Robert Maizell, F. Julian Smith, T.E.R. Signer.
260 ## - STREFA ADRESU WYDAWNICZEGO
Miejsce wydania Warszawa,
Data publikacji, dystrybucji/powstania dokumentu 1975.
700 1# - HASŁO DODATKOWE - NAZWA OSOBOWA
Nazwa osobowa SMITH, Julian F.
700 1# - HASŁO DODATKOWE - NAZWA OSOBOWA
Nazwa osobowa SIGNER, T. E. R.
856 ## - LOKALIZACJA I DOSTĘP DO ELEKTRONICZNYCH DOKUMENTÓW ZDALNYCH
Link (URL) http://koha.tu.koszalin.pl/cgi-bin/koha/opac-detail.pl?biblionumber=16581
Tekst linku Katalog online BPK
942 ## - DODATKOWE ELEMENTY (KOHA)
Typ dokumentu Książka
Egzemplarze
Wycofany Status egzemplarza Uszkodzony Dostępność Lokalizacja stała Lokalizacja bieżąca Miejsce przechowywania Sygnatura Kod kreskowy Typ dokumentu
      Dostępny Biblioteka Politechniki Koszalińskiej Biblioteka Politechniki Koszalińskiej Wypożyczalnia BG 20399 02189451 Książka
      Dostępny Biblioteka Politechniki Koszalińskiej Biblioteka Politechniki Koszalińskiej Wypożyczalnia BG 20400 01690675 Książka
© 2023 Biblioteka Politechniki Koszalińskiej :: KOHA